000 00265nam a22001217a 4500
008 180215b xxu||||| |||| 00| 0 eng d
041 _aeng
080 _a54
100 _a12
101 _aKIM
245 _aDictionary of organic compounds
_cChlor
942 _2udc
_cBK
999 _c42708
_d42708